Countries by Number: South America Quiz Stats

 Plays Quiz not verified by Sporcle

Score 0/12 Timer 05:00
0 Plays Today
% Correct
Brazil
100%
Chile
86.8%
Argentina
86.8%
Colombia
84.6%
Ecuador
84.6%
Guyana
83.5%
Bolivia
83.5%
Paraguay
83.5%
Venezuela
82.4%
Peru
82.4%
Uruguay
82.4%
Suriname
81.3%

You're not logged in!

Compare scores with friends on all Sporcle quizzes.
OR
Log In

Sporcle TV

Today on Sporcle TV


Watch our educational content, quiz creation guides, and fun videos on Sporcle TV.

Show Comments

Extras

Top Quizzes Today


Score Distribution

Your Account Isn't Verified!

In order to create a playlist on Sporcle, you need to verify the email address you used during registration. Go to your Sporcle Settings to finish the process.

Report this User

Report this user for behavior that violates our Community Guidelines.

Details: